Chemistry in the marine environment
সংরক্ষণ করুন:
| বিন্যাস: | গ্রন্থ |
|---|---|
| ভাষা: | ইংরেজি |
| প্রকাশিত: |
Cambridge
Royal Society of Chemistry
2000
|
| মালা: | Issues in Environmental Science and Technology, 13
|
| বিষয়গুলি: | |
| ট্যাগগুলো: |
ট্যাগ যুক্ত করুন
কোনো ট্যাগ নেই, প্রথমজন হিসাবে ট্যাগ করুন!
|
MARC
| LEADER | 00000nam a2200000 a 4500 | ||
|---|---|---|---|
| 001 | UCL2637 | ||
| 003 | CL-VaPUC | ||
| 008 | 031031e20000000uk |||||||||||||||||eng|d | ||
| 020 | |a 0854042601 | ||
| 082 | 0 | 4 | |a 551.4601 |b CHE |2 21 |
| 245 | 1 | 0 | |a Chemistry in the marine environment |
| 300 | |a 98 p | ||
| 942 | |c BK | ||
| 945 | |d 20031031 00:00:00 |a cmena | ||
| 260 | |a Cambridge |b Royal Society of Chemistry |c 2000 | ||
| 650 | 7 | |a MEDIO AMBIENTE MARINO |2 CL-VaPUC |9 479744 | |
| 650 | 7 | |a COMPOSICION QUIMICA |2 CL-VaPUC |9 403020 | |
| 583 | |a last modification |c 20171211 06:34:16 |k Rodrigo Vera | ||
| 490 | 0 | |a Issues in Environmental Science and Technology, 13 | |
| 999 | |c 305891 |d 305889 | ||
| 952 | |0 0 |1 0 |2 ddc |4 0 |6 551_460100000000000_CHE_2000 |7 0 |8 CCM |9 370424 |a BIBCUR |b BIBCUR |c PAC |d 2019-11-21 |i 3957039 |o 551.4601 CHE 2000 |p 3957039 |r 2025-04-22 |w 2019-11-21 |y BK |k CIM | ||